20 British Cities Everyone Should Know - Statistics

General Stats
  • This quiz has been taken 226 times
  • The average score is 16 of 20
Answer Stats
Hint City % Correct
Capital and biggest city London
100%
Capital of Scotland Edinburgh
97%
City and United Manchester
96%
Hometown of the Beatles Liverpool
94%
Has the oldest university in the English speaking world Oxford
94%
Largest Scottish city Glasgow
93%
Capital of Northern Ireland Belfast
91%
Capital of Wales Cardiff
90%
The biggest city in the US is possibly a more modern version of this city York
87%
Where Robin Hood's enemy was from Nottingham
82%
Held the 2022 Commonwealth Games Birmingham
79%
Biggest City in Yorkshire Leeds
73%
Crocodile "__________" Dundee
71%
Named after what the Romans built there Bath
69%
Major shipbuilding city in the industrial revolution on the River Tyne Newcastle
69%
Where the doomed RMS Titanic left England Southampton
66%
William and Kate are the Duke and Duchess of.... Cambridge
64%
Home to the Clifton Suspension Bridge over the River Avon Bristol
59%
Largest city in South Yorkshire Sheffield
58%
Also the name of a famous London square Leicester
43%
No matching quizzes found
Score Distribution
Percent of People with Each Score
Percentile by Number Answered
Your Score History
You have not taken this quiz